[Event "Fomeque op"]
[Site "Fomeque"]
[Date "2023.08.20"]
[Round "4"]
[White "Pena Flechas, Luis Orlando"]
[Black "Garcia Guevara, Nicolas Leonardo"]
[Result "0-1"]
[WhiteElo "1477"]
[BlackElo "1782"]
[PlyCount "48"]
[EventDate "2023.08.19"]
[EventType "swiss"]
[EventRounds "6"]
[EventCountry "COL"]
[SourceTitle "EXT 2024"]
[Source "ChessBase"]
[SourceDate "2023.10.10"]
[SourceVersion "1"]
[SourceVersionDate "2023.10.10"]
[SourceQuality "1"]

1. d4 d5 2. Bf4 Bf5 3. Nd2 c6 4. c3 Nf6 5. Ngf3 e6 6. Qb3 Qb6 7. Nh4 Nbd7 8. Nxf5 exf5 9. f3 Be7 10. Qc2 g6 11. h3 0-0-0 12. 0-0-0 Rhe8 13. b4 Bxb4 14. cxb4 Qxd4 15. e3 Qxb4 16. a4 Nc5 17. Bg5 Rd6 18. a5 Na4 19. Nb1 Nd7 20. a6 Ndc5 21. axb7+ Kxb7 22. Rd4 Nb3+ 23. Kd1 Nxd4 24. exd4 Re1# 0-1

[Event "Pan American Amateur-ch"]
[Site "San Andres Islas"]
[Date "2014.08.29"]
[Round "6"]
[White "Cordoba Rodriguez, Milton Dennis"]
[Black "Garcia Guevara, Nicolas Leonardo"]
[Result "1-0"]
[WhiteElo "1890"]
[BlackElo "1783"]
[PlyCount "63"]
[EventDate "2014.08.26"]
[EventType "swiss"]
[EventRounds "9"]
[EventCountry "COL"]
[SourceTitle "EXT 2016"]
[Source "ChessBase"]
[SourceDate "2015.10.08"]
[SourceVersion "1"]
[SourceVersionDate "2015.10.08"]
[SourceQuality "1"]

1. e4 c6 2. d4 d5 3. exd5 cxd5 4. Bd3 h6 5. c3 Nf6 6. Bf4 e6 7. Nf3 Bd6 8. Bxd6 Qxd6 9. Nbd2 0-0 10. 0-0 b6 11. Qe2 Bb7 12. Rfe1 Nc6 13. Rac1 Rac8 14. Bb1 Rfd8 15. Qd3 Rc7 16. Ne5 Rdc8 17. Nf1 Nb8 18. Re3 Ba6 19. Qc2 Nc6 20. Nxc6 Rxc6 21. Ng3 Rc4 22. Qd2 R4c7 23. Rce1 Qf4 24. Qc2 Qd6 25. Rf3 Bb7 26. Rxf6 gxf6 27. Qh7+ Kf8 28. Nf5 Qxh2+ 29. Kxh2 Ke8 30. Qg8+ Kd7 31. Qxf7+ Kc6 32. Qxe6+ 1-0

[Event "Bogota McGregor op 4th"]
[Site "Bogota"]
[Date "2013.12.07"]
[Round "7"]
[White "Ramirez, Francisco Javier"]
[Black "Garcia Guevara, Nicolas Leonardo"]
[Result "1-0"]
[WhiteElo "2026"]
[BlackElo "1773"]
[PlyCount "67"]
[EventDate "2013.12.04"]
[EventType "swiss"]
[EventRounds "9"]
[EventCountry "COL"]
[SourceTitle "CBM 157 Extra"]
[Source "ChessBase"]
[SourceDate "2013.12.19"]
[SourceVersion "1"]
[SourceVersionDate "2013.12.19"]
[SourceQuality "1"]

1. e4 c5 2. Nf3 d6 3. d4 cxd4 4. Nxd4 Nf6 5. Nc3 a6 6. a4 e6 7. Be2 Be7 8. 0-0 0-0 9. Be3 Bd7 10. f4 Nc6 11. Bf3 e5 12. Nxc6 Bxc6 13. f5 Qc7 14. a5 Rac8 15. g4 Nd7 16. g5 f6 17. g6 h6 18. Qd2 b6 19. Bxh6 bxa5 20. Be3 Nc5 21. Bxc5 dxc5 22. Qf2 c4 23. Qh4 Bc5+ 24. Kh1 Rfe8 25. Qh7+ Kf8 26. Qh8+ Ke7 27. Qxg7+ Kd8 28. Qxf6+ Be7 29. Rfd1+ Bd7 30. Rxd7+ Qxd7 31. Qb6+ Qc7 32. Rd1+ Bd6 33. Rxd6+ Ke7 34. Nd5+ 1-0

[Event "Bogota University op 7th"]
[Site "Bogota"]
[Date "2013.10.10"]
[Round "2"]
[White "Bautista Chiquillo, Leidy Johanna"]
[Black "Garcia Guevara, Nicolas Leonardo"]
[Result "0-1"]
[WhiteElo "1505"]
[BlackElo "1780"]
[PlyCount "59"]
[EventDate "2013.10.10"]
[EventType "swiss"]
[EventRounds "9"]
[EventCountry "COL"]
[SourceTitle "CBM 156 Extra"]
[Source "ChessBase"]
[SourceDate "2013.10.22"]
[SourceVersion "1"]
[SourceVersionDate "2013.10.22"]
[SourceQuality "1"]

1. e4 c5 2. Nf3 d6 3. d4 cxd4 4. Nxd4 Nf6 5. Nc3 a6 6. Be3 Bg4 7. Be2 Bxe2 8. Qxe2 e6 9. f4 Nbd7 10. 0-0-0 Be7 11. Nb3 Qc7 12. g4 h6 13. g5 hxg5 14. fxg5 Nh5 15. Rde1 0-0-0 16. Ref1 Ne5 17. Qf2 Ng4 18. Bb6 Nxf2 19. Bxc7 Bxg5+ 20. Kb1 Nxh1 21. Bxd8 Kxd8 22. Rxh1 Ng3 23. Rg1 Rxh2 24. a3 Rh1 25. Rxh1 Nxh1 26. Nd4 Bf6 27. Nce2 Nf2 28. Kc1 Bxd4 29. Nxd4 Ke7 30. Kd2 0-1

[Event "Bogota II IRT Sabana"]
[Site "Bogota"]
[Date "2013.09.23"]
[Round "10.1"]
[White "Garcia Guevara, Nicolas Leonardo"]
[Black "Nieto, Guillermo Luigui"]
[Result "0-1"]
[WhiteElo "1832"]
[BlackElo "1979"]
[PlyCount "114"]
[EventDate "2013.09.19"]
[EventType "tourn"]
[EventRounds "10"]
[EventCountry "COL"]
[SourceTitle "EXT 2024"]
[Source "ChessBase"]
[SourceDate "2023.10.10"]
[SourceVersion "1"]
[SourceVersionDate "2023.10.10"]
[SourceQuality "1"]

1. d4 Nf6 2. Nf3 e6 3. Bf4 c5 4. c3 d5 5. e3 Nc6 6. Bd3 Be7 7. 0-0 0-0 8. Nbd2 b6 9. Bb5 Bb7 10. Ne5 Nxe5 11. Bxe5 a6 12. Be2 Rc8 13. Nf3 Qd7 14. a3 c4 15. h3 Ne4 16. Bh2 Bd6 17. Bxd6 Qxd6 18. Nd2 Nf6 19. Bf3 b5 20. Re1 a5 21. e4 Qb6 22. Qc2 Rb8 23. exd5 Bxd5 24. Bxd5 Nxd5 25. Nf3 Rfc8 26. Ng5 g6 27. Qe4 h6 28. Nf3 b4 29. axb4 axb4 30. Rac1 bxc3 31. bxc3 Qb3 32. Ne5 Kg7 33. Nxf7 Nf6 34. Qxe6 Re8 35. Qc6 Kxf7 36. Qc7+ Kg8 37. Re7 Rxe7 38. Qxe7 Qb6 39. Re1 Re8 40. Qxe8+ Nxe8 41. Rxe8+ Kf7 42. Re3 Qb1+ 43. Kh2 g5 44. Kg3 Qc2 45. Kg4 Kf6 46. Rf3+ Kg6 47. Kg3 h5 48. Kh2 Qd2 49. g4 hxg4 50. hxg4 Qc2 51. Kg3 Qe4 52. Rf8 Qe1 53. Rg8+ Kh6 54. Rh8+ Kg7 55. Rh5 Qxc3+ 56. f3 Kg6 57. d5 Qd4 0-1

[Event "Bogota II IRT Sabana"]
[Site "Bogota"]
[Date "2013.09.23"]
[Round "9.1"]
[White "Parra, Diego Alexander"]
[Black "Garcia Guevara, Nicolas Leonardo"]
[Result "1-0"]
[WhiteElo "1912"]
[BlackElo "1832"]
[PlyCount "65"]
[EventDate "2013.09.19"]
[EventType "tourn"]
[EventRounds "10"]
[EventCountry "COL"]
[SourceTitle "EXT 2024"]
[Source "ChessBase"]
[SourceDate "2023.10.10"]
[SourceVersion "1"]
[SourceVersionDate "2023.10.10"]
[SourceQuality "1"]

1. d4 d5 2. Nf3 Nf6 3. Bg5 Nbd7 4. Nbd2 e6 5. e4 dxe4 6. Nxe4 c6 7. Bd3 Be7 8. 0-0 Nxe4 9. Bxe7 Nxf2 10. Bxd8 Nxd1 11. Raxd1 Kxd8 12. Ng5 Rf8 13. Nxf7+ Ke8 14. Ng5 Nf6 15. Nxh7 Nxh7 16. Bxh7 Rf6 17. Rxf6 gxf6 18. h4 f5 19. h5 Kf8 20. Kf2 Kg7 21. Bg6 Bd7 22. Re1 Kf6 23. Kf3 Rg8 24. g4 fxg4+ 25. Kg3 Rg7 26. Bd3 Rg5 27. Rf1+ Kg7 28. Bg6 Bc8 29. Rf7+ Kg8 30. Rc7 e5 31. Kh4 g3 32. Kxg5 g2 33. Rxc8+ 1-0

[Event "Bogota II IRT Sabana"]
[Site "Bogota"]
[Date "2013.09.19"]
[Round "1.1"]
[White "Nieto, Manuel Valerio Wald"]
[Black "Garcia Guevara, Nicolas Leonardo"]
[Result "1/2-1/2"]
[WhiteElo "2017"]
[BlackElo "1832"]
[PlyCount "83"]
[EventDate "2013.09.19"]
[EventType "tourn"]
[EventRounds "10"]
[EventCountry "COL"]
[SourceTitle "EXT 2024"]
[Source "ChessBase"]
[SourceDate "2023.10.10"]
[SourceVersion "1"]
[SourceVersionDate "2023.10.10"]
[SourceQuality "1"]

1. Nf3 Nf6 2. g3 d5 3. Bg2 Bf5 4. c4 c6 5. cxd5 cxd5 6. Qb3 Qc7 7. Nc3 e6 8. d3 Nbd7 9. 0-0 a6 10. Bf4 Qb6 11. Qxb6 Nxb6 12. Rac1 Be7 13. Nd4 Bg6 14. Nb3 Nbd7 15. Na4 0-0 16. Rc7 b5 17. Nac5 Nxc5 18. Nxc5 Bxc5 19. Rxc5 Rfc8 20. Rfc1 Rxc5 21. Rxc5 Kf8 22. h3 Ke8 23. Kf1 h6 24. Ke1 Kd8 25. Rc6 Kd7 26. Rc7+ Kd8 27. Kd2 Rc8 28. Ra7 Rc6 29. Be5 Ne8 30. f4 f6 31. Bc3 Nc7 32. Ba5 Kc8 33. Ke3 Kb8 34. Rxc7 Rxc7 35. Bxc7+ Kxc7 36. Kd4 Kd6 37. b4 e5+ 38. fxe5+ fxe5+ 39. Ke3 Bf5 40. Kd2 g5 41. e4 Be6 42. a3 1/2-1/2

[Event "Dosquebrad op"]
[Site "Dosquebrad"]
[Date "2013.06.20"]
[Round "3"]
[White "Mercado, Luisa Fernanda"]
[Black "Garcia Guevara, Nicolas Leonardo"]
[Result "1-0"]
[WhiteElo "2057"]
[BlackElo "1853"]
[PlyCount "73"]
[EventDate "2013.06.19"]
[EventType "swiss"]
[EventRounds "7"]
[EventCountry "COL"]
[SourceTitle "CBM 155 Extra"]
[Source "ChessBase"]
[SourceDate "2013.08.26"]
[SourceVersion "1"]
[SourceVersionDate "2013.08.26"]
[SourceQuality "1"]

1. d4 d5 2. Nf3 c6 3. e3 Bf5 4. c4 Nf6 5. cxd5 cxd5 6. Qb3 Bxb1 7. Qxb7 Bf5 8. Qxa8 Qb6 9. a4 e6 10. Bb5+ Kd8 11. Ne5 Bb4+ 12. Bd2 Bxd2+ 13. Kxd2 Ne4+ 14. Ke2 Ke7 15. Nc6+ Nxc6 16. Qxc6 Qxc6 17. Bxc6 Rb8 18. Bb5 a6 19. f3 axb5 20. fxe4 Bg4+ 21. Kf2 bxa4 22. Rxa4 Rxb2+ 23. Kg3 Bh5 24. Ra7+ Kf6 25. Kh4 Be2 26. exd5 exd5 27. Rc1 g5+ 28. Kg3 h5 29. h4 g4 30. Rcc7 Kf5 31. Rxf7+ Ke4 32. Rae7+ Kd3 33. Rf2 Rb1 34. Re5 Rg1 35. Rxd5 Kxe3 36. Re5+ Kxd4 37. Rfxe2 1-0

[Event "Ortega op 3rd"]
[Site "Ortega"]
[Date "2013.06.07"]
[Round "2"]
[White "Rivera, Ingris"]
[Black "Garcia Guevara, Nicolas Leonardo"]
[Result "1-0"]
[WhiteElo "2177"]
[BlackElo "1853"]
[PlyCount "33"]
[EventDate "2013.06.07"]
[EventType "swiss"]
[EventRounds "8"]
[EventCountry "COL"]
[SourceTitle "CBM 154 Extra"]
[Source "ChessBase"]
[SourceDate "2013.06.25"]
[SourceVersion "2"]
[SourceVersionDate "2013.06.25"]
[SourceQuality "1"]

1. d4 d5 2. c4 c6 3. Nc3 Nf6 4. cxd5 cxd5 5. Bf4 a6 6. e3 e6 7. Bd3 Bd6 8. Bxd6 Qxd6 9. f4 Nbd7 10. Nh3 Nb6 11. 0-0 Bd7 12. Rc1 Rc8 13. Qf3 Nc4 14. Rf2 0-0 15. g4 g6 16. Ng5 h6 17. Nh3 1-0

[Event "Bogota op 05"]
[Site "Bogota"]
[Date "2012.05.21"]
[Round "7"]
[White "Garcia Guevara, Nicolas Leonardo"]
[Black "Bohorquez, Jorge"]
[Result "0-1"]
[WhiteElo "1887"]
[BlackElo "1538"]
[PlyCount "96"]
[EventDate "2012.05.18"]
[EventType "swiss"]
[EventRounds "7"]
[EventCountry "COL"]
[SourceTitle "CBM 148 Extra"]
[Source "ChessBase"]
[SourceDate "2012.06.22"]
[SourceVersion "1"]
[SourceVersionDate "2012.06.22"]
[SourceQuality "1"]

1. e4 e5 2. Nf3 Nc6 3. d4 exd4 4. Nxd4 Bc5 5. Be3 Qf6 6. c3 Nge7 7. Bc4 d6 8. 0-0 Ne5 9. Bb3 Qg6 10. Nb5 Bh3 11. g3 Qxe4 12. Nxc7+ Kf8 13. Bd5 Nxd5 14. Qxd5 Nf3+ 15. Kh1 Qxd5 16. Nxd5 Bxf1 17. Bf4 Re8 18. Nd2 Re1 19. Rxe1 Nxe1 20. Nxf1 Bxf2 21. Bxd6+ Ke8 22. Nd2 Kd7 23. Ne4 Nd3 24. Kg2 Re8 25. Nxf2 Kxd6 26. Nxd3 Kxd5 27. Kf2 g5 28. Ne1 g4 29. Ng2 Ke4 30. Ke2 Re6 31. Ne3 f5 32. Ng2 Rh6 33. Nh4 Ra6 34. a3 Rb6 35. b4 Ra6 36. Ng2 Rxa3 37. Nf4 Rxc3 38. Nh5 Rc2+ 39. Kf1 Rxh2 40. Nf6+ Kf3 41. Ke1 Kxg3 42. Nd7 Rb2 43. Nf6 h6 44. Nh5+ Kf3 45. Ng7 g3 46. Nxf5 g2 47. Nh4+ Kg3 48. Ng6 g1Q# 0-1

[Event "Bogota op 01"]
[Site "Bogota"]
[Date "2012.01.28"]
[Round "6"]
[White "Garcia Guevara, Nicolas Leonardo"]
[Black "Ribero, Guillermo Andres"]
[Result "1-0"]
[WhiteElo "1600"]
[BlackElo "1834"]
[PlyCount "87"]
[EventDate "2012.01.26"]
[EventType "swiss"]
[EventRounds "7"]
[EventCountry "COL"]
[SourceTitle "CBM 146 Extra"]
[Source "ChessBase"]
[SourceDate "2012.02.29"]
[SourceVersion "1"]
[SourceVersionDate "2012.02.29"]
[SourceQuality "1"]

1. d4 Nf6 2. Nf3 g6 3. Bf4 d6 4. Nc3 Bg7 5. h3 h6 6. Qd2 Nbd7 7. 0-0-0 g5 8. Bh2 Nf8 9. e4 Ng6 10. Bd3 Nd7 11. e5 Ngf8 12. Rhe1 Nb6 13. Ne4 Be6 14. Ng3 Qd7 15. Nh5 Rg8 16. Nxg5 hxg5 17. Qxg5 Ng6 18. Bxg6 fxg6 19. Qxg6+ Bf7 20. Nxg7+ Kf8 21. Qxf7+ Kxf7 22. e6+ Kxg7 23. exd7 Kf6 24. Re2 Rxg2 25. Be5+ Kf5 26. Bg3 e6 27. Kd2 Nd5 28. Rh1 Rd8 29. Ke1 Nf4 30. Bxf4 Kxf4 31. Rxe6 Rxd7 32. Rf6+ Ke4 33. h4 Rgg7 34. h5 Rde7 35. h6 Kxd4+ 36. Kd2 Rh7 37. f4 Kd5 38. Kd3 Kc6 39. Rh3 Kd7 40. Re3 b6 41. f5 c5 42. Rxe7+ Rxe7 43. Rg6 Ke8 44. Re6 1-0

[Event "Bogota op 01"]
[Site "Bogota"]
[Date "2012.01.27"]
[Round "4"]
[White "Fraile Vela, Maria Isabel"]
[Black "Garcia Guevara, Nicolas Leonardo"]
[Result "0-1"]
[WhiteElo "1996"]
[BlackElo "1600"]
[PlyCount "58"]
[EventDate "2012.01.26"]
[EventType "swiss"]
[EventRounds "7"]
[EventCountry "COL"]
[SourceTitle "CBM 146 Extra"]
[Source "ChessBase"]
[SourceDate "2012.02.29"]
[SourceVersion "1"]
[SourceVersionDate "2012.02.29"]
[SourceQuality "1"]

1. e4 c6 2. Nf3 d5 3. exd5 cxd5 4. d4 Nf6 5. Nc3 Bg4 6. Be2 e6 7. Bg5 Bb4 8. Qd2 Nbd7 9. 0-0-0 Rc8 10. Ne5 Bxe2 11. Qxe2 Bxc3 12. bxc3 Rxc3 13. Rhe1 Qa5 14. Bd2 Qa3+ 15. Kb1 Nxe5 16. dxe5 Ne4 17. Qb5+ Rc6 18. Bb4 Nc3+ 19. Bxc3 Qxc3 20. Rc1 0-0 21. Re3 Qd2 22. Rf3 Rb6 23. Qxb6 axb6 24. h4 Ra8 25. g4 Rxa2 26. Kxa2 Qxc1 27. g5 Qxc2+ 28. Ka1 Qd1+ 29. Kb2 Qxf3 0-1

[Event "Bogota op 01"]
[Site "Bogota"]
[Date "2012.01.26"]
[Round "2"]
[White "Paniagua, David"]
[Black "Garcia Guevara, Nicolas Leonardo"]
[Result "1-0"]
[WhiteElo "1870"]
[BlackElo "1600"]
[PlyCount "55"]
[EventDate "2012.01.26"]
[EventType "swiss"]
[EventRounds "7"]
[EventCountry "COL"]
[SourceTitle "CBM 146 Extra"]
[Source "ChessBase"]
[SourceDate "2012.02.29"]
[SourceVersion "1"]
[SourceVersionDate "2012.02.29"]
[SourceQuality "1"]

1. Nf3 Nf6 2. d3 c6 3. g3 d5 4. Bg2 g6 5. Nbd2 Bg7 6. 0-0 0-0 7. Re1 Re8 8. e4 dxe4 9. dxe4 e5 10. Qe2 Qc7 11. Nc4 Nbd7 12. Rd1 Bf8 13. b3 Nc5 14. Nfxe5 b5 15. Bf4 Nh5 16. Nd2 Rxe5 17. Bxe5 Qxe5 18. Nf3 Qe7 19. Nd4 Bb7 20. e5 Rc8 21. Rd2 Ng7 22. b4 Nce6 23. a3 Nxd4 24. Rxd4 c5 25. Bxb7 Qxb7 26. bxc5 Rxc5 27. Rad1 a6 28. Qd3 1-0